000 002860000a22000970004500
100 1 _aSchmidt-Leukel, Perry
245 1 0 _aUna nueva espiritualidad para un mundo religiosamente plural
300 _aVol.308, núm.305 (Noviembre, 2004), Páginas 737-744
773 0 _tConcilium
942 _cANA
999 _c61079
_d61079